| 000 | 00503nam a2200169Ia 4500 | ||
|---|---|---|---|
| 003 | IN-BaIIA | ||
| 008 | 211028s9999 xx 000 0 eng d | ||
| 040 | _cIIA Library | ||
| 080 |
_a793.32 _bSAR |
||
| 100 |
_aVaidyanathan, Saroja _914267 |
||
| 245 | 4 |
_aThe science of bharata natyam _cSaroja Vaidyanathan |
|
| 260 |
_aNew Delhi _bSaroja Vaidyanathan _c1984 |
||
| 300 | _a80p. | ||
| 650 |
_aBharatanatyam _914268 |
||
| 650 |
_aClassical dance _914269 |
||
| 942 | _cBK | ||
| 999 |
_c8516 _d8516 |
||